书目信息 |
| 题名: |
模具CAD/CAM
|
|
| 作者: | 蒋洪平 , 柴俊 主编 | |
| 分册: | ||
| 出版信息: | 北京 北京理工大学出版社有限责任公司 2019 |
|
| 页数: | 358页 | |
| 开本: | 26cm | |
| 丛书名: | ||
| 单 册: | ||
| 中图分类: | TG760.2-39 , TG760.6-39 , TG760 | |
| 科图分类: | ||
| 主题词: | 模具--计算机辅助设计 , 模具--计算机辅助制造 | |
| 电子资源: | ||
| ISBN: | 978-7-5682-8047-1 | |
| 000 | 00986nam0 2200265 450 | |
| 001 | 2349975295 | |
| 005 | 20231214195936.30 | |
| 010 | @a978-7-5682-8047-1@dCNY58.00 | |
| 100 | @a20200713d2019 em y0chiy50 ea | |
| 101 | 0 | @achi |
| 102 | @aCN@b110000 | |
| 105 | @aa z 000yy | |
| 200 | 1 | @a模具CAD/CAM@Amu ju CAD/CAM@eMasterCAM@f蒋洪平, 柴俊主编 |
| 210 | @a北京@c北京理工大学出版社有限责任公司@d2019 | |
| 215 | @a358页@c图@d26cm | |
| 330 | @a本书基于项目教学法,通过7个典型项目实例介绍三维CAD/CAM软件MasterCAM的功能模块和使用方法。主要内容包括初识CAD/CAM软件-MasterCAM、三维图形绘制、图形编辑与标注、笔简曲面建模、电话听筒凹模实体建模、型腔体零件加工和香皂盒面壳凸凹模零件加工等7个项目。 | |
| 606 | 0 | @a模具@x计算机辅助设计 |
| 606 | 0 | @a模具@x计算机辅助制造 |
| 690 | @aTG760.2-39@v5 | |
| 690 | @aTG760.6-39@v5 | |
| 690 | @aTG760@v4 | |
| 701 | 0 | @a蒋洪平@Ajiang hong ping@4主编 |
| 701 | 0 | @a柴俊@Achai jun@4主编 |
| 801 | 0 | @aCN@b91MARC@c20200713 |
| 905 | @aBZT@dTG760@e2 | |
| 模具CAD/CAM:MasterCAM/蒋洪平, 柴俊主编.-北京:北京理工大学出版社有限责任公司,2019 |
| 358页:图;26cm |
| ISBN 978-7-5682-8047-1:CNY58.00 |
| 本书基于项目教学法,通过7个典型项目实例介绍三维CAD/CAM软件MasterCAM的功能模块和使用方法。主要内容包括初识CAD/CAM软件-MasterCAM、三维图形绘制、图形编辑与标注、笔简曲面建模、电话听筒凹模实体建模、型腔体零件加工和香皂盒面壳凸凹模零件加工等7个项目。 |
| ● |
| 相关链接 |
|
|
|
正题名:模具CAD/CAM
索取号:TG760/2
 
预约/预借
| 序号 | 登录号 | 条形码 | 馆藏地/架位号 | 状态 | 备注 |
| 1 | 2001314852 | 2001314852 | 320书库/ [索取号:TG760/2] | 在馆 | |
| 2 | 2001314853 | 2001314853 | 320书库/ [索取号:TG760/2] | 在馆 | |
| 3 | 2001314854 | 2001314854 | 320书库/ [索取号:TG760/2] | 在馆 | |
| 4 | 2001314855 | 2001314855 | 320书库/ [索取号:TG760/2] | 在馆 | |
| 5 | 2001314856 | 2001314856 | 320书库/ [索取号:TG760/2] | 在馆 | |
| 6 | 2001314857 | 2001314857 | 320书库/ [索取号:TG760/2] | 在馆 | |
| 7 | 2001314858 | 2001314858 | 320书库/ [索取号:TG760/2] | 在馆 |